[Event "BUL-ch"]
[Site "Sofia"]
[Date "1996.??.??"]
[Round "2"]
[White "Inkiov, Ventzislav"]
[Black "Kurtenkov, Atanas"]
[Result "1/2-1/2"]
[WhiteElo "2505"]
[BlackElo "2415"]
[Annotator "Bulletin"]
[PlyCount "33"]
[EventDate "1996.??.??"]
[EventType "k.o."]
[EventRounds "5"]
[EventCountry "BUL"]
[SourceTitle "EXT 1999"]
[Source "ChessBase"]
[SourceDate "1998.11.16"]
[SourceVersion "1"]
[SourceVersionDate "1998.11.16"]
[SourceQuality "1"]

1. e4 e6 2. d4 d5 3. e5 c5 4. c3 Qb6 5. Nf3 Bd7 6. Be2 Bb5 7. c4 Bxc4 8. Bxc4
Qb4+ 9. Nbd2 dxc4 10. a3 (10. O-O cxd4 $5 11. Nxd4 Ne7 12. Qe2 $142 (12. a3 Qc5
13. Ne4 Qxe5 14. Nb5 Nd5)) 10... Qb5 11. O-O Nc6 12. dxc5 Bxc5 13. Qe2 (13. Ne4
Nge7 14. Be3 Rd8 $8 15. Qe2 Bxe3 16. Nd6+ Rxd6 17. exd6 Bxf2+ $5 {1-0 Adams,
Mi-Illescas Cordoba,M/Las Palmas 60/266 1994} (17... Bc5 18. dxe7 Bxe7 19. Rac1
Bf6 20. Rxc4 O-O $14) (17... Bb6 18. dxe7 Kxe7 19. Rac1 Rc8 20. Rfd1 $14))
13... Nge7 14. Ne4 O-O 15. a4 (15. b4 Nd4) 15... Qa5 16. Qxc4 Bb6 17. Bd2
1/2-1/2

[Event "Bundesliga 1415"]
[Site "Germany"]
[Date "2015.04.12"]
[Round "15.3"]
[White "Shirov, Alexei"]
[Black "Szelag, Marcin"]
[Result "1-0"]
[WhiteElo "2691"]
[BlackElo "2456"]
[Annotator "CB"]
[PlyCount "79"]
[EventDate "2014.10.18"]
[EventType "team-tourn"]
[EventRounds "15"]
[EventCountry "GER"]
[SourceTitle "CBM 166"]
[Source "ChessBase"]
[SourceDate "2015.05.11"]
[SourceVersion "1"]
[SourceVersionDate "2015.05.11"]
[SourceQuality "1"]
[WhiteTeam "Baden-Baden"]
[BlackTeam "Rostock"]
[WhiteTeamCountry "GER"]
[BlackTeamCountry "GER"]

1. e4 e6 2. d4 d5 3. e5 c5 4. c3 Qb6 5. Nf3 Nc6 6. a3 Nh6 7. b4 cxd4 8. Bxh6
gxh6 9. cxd4 Bd7 10. Ra2 Rg8 11. g3 Rg4 12. Rd2 a5 13. b5 Re4+ 14. Be2 Qxb5 15.
O-O ({Nach} 15. Nc3 Qb6 16. Nxe4 dxe4 17. Nh4 Bxa3 {hat Schwarz die Qualität
weniger, aber einen gefährlichen Freibauern.}) 15... Qb6 16. Bd3 Rg4 17. Bxh7
a4 18. Bc2 Qa5 19. Ne1 Rg7 20. Ng2 $1 {Mit der Idee, den Springer nach h5 zu
bringen. Die schwarzen Bauern am Damenflügel sehen gefährlich aus, aber
Weiß gelingt es, am Königsflügel Gegenspiel zu bekommen.} b5 21. Nf4 b4 22.
Nh5 bxa3 $5 {Schwarz opfert die Qualität auf g7 und hofft auf die Kraft des
a-Freibauern.} 23. Nxa3 Bxa3 24. Nxg7+ Kd8 25. Rd3 $1 {Nachdem Weiß den
scheinbar passiven Springer überraschend schnell überraschend aktiv gestellt
hat, bringt er nun den weißen Turm ins Spiel. Und auch der wird überraschend
schnell überraschend stark.} Bf8 26. Rf3 $1 Bxg7 27. Rxf7 Bh8 ({Die Engines
schlagen hier} 27... Bxe5 {als Verbesserung vor. Aber auch dann steht Weiß
nach} 28. dxe5 Nxe5 29. Rf4 a3 30. Qh5 {deutlich besser.}) 28. Qg4 a3 {Der
a-Freibauer scheint nicht aufzuhalten zu sein. Aber Weiß verbindet seine
Drohungen am Königsflügel und am Zentrum mit einem Angriff auf den König.}
29. Rh7 a2 30. Qg8+ Kc7 31. Qxe6 Rd8 (31... a1=Q $4 32. Qxd7+ Kb6 33. Qb7#) 32.
Ra1 Nxd4 33. Qd6+ Kc8 34. Bd3 Nb5 35. Rc1+ Nc7 36. Rxd7 {Dieser Turm hat eine
bemerkenswerte Reise hinter sich: a2-d2-d3-f3-f7-h7.} Rxd7 37. Ba6+ Kb8 38.
Qxd7 Qxa6 39. Qxc7+ Ka8 40. Qd8+ {Schwarz gab auf. Nach 40...Kb7 41.Tc7+ Kb6
42.Dd6+ verliert er Haus und Hof.} 1-0

[Event "CHN-chT"]
[Site "Ningbo"]
[Date "2011.08.11"]
[Round "10"]
[White "Motylev, Alexander"]
[Black "Liu, Qingnan"]
[Result "1-0"]
[WhiteElo "2677"]
[BlackElo "2435"]
[Annotator "CB"]
[PlyCount "59"]
[EventDate "2011.04.12"]
[EventType "team-tourn"]
[EventRounds "18"]
[EventCountry "CHN"]
[SourceTitle "EXT 2012"]
[Source "ChessBase"]
[SourceDate "2011.11.24"]
[SourceVersion "1"]
[SourceVersionDate "2011.11.24"]
[SourceQuality "1"]
[WhiteTeam "Chongqing"]
[BlackTeam "Tianjin"]
[WhiteTeamCountry "CHN"]
[BlackTeamCountry "CHN"]

1. e4 e6 2. d4 d5 3. e5 c5 4. c3 Nc6 5. Nf3 Qb6 6. a3 Nh6 7. b4 cxd4 8. cxd4
Nf5 9. Bb2 Bd7 10. Be2 Be7 11. O-O h5 $5 {This is a very aggressive approach
to the line, preventing 12.g4 and preparing g5 with attacking chances against
the king and of course pressure against d4.} 12. Qd3 g5 13. Rd1 g4 14. Ne1 f6
15. b5 Na5 16. exf6 Bxf6 17. a4 a6 18. Na3 axb5 19. axb5 {This lays a very
subtle trap, as it invites Black to play a 'combination'. A combination that
has a magnificent refutation.} Nxd4 $2 {Black fails to see the refutation and
thinks he has caught Motylev offguard.} 20. Nc4 $3 {A fantastic refutation,
and it is hard to blame Liu for missing it.} ({The idea is that after} 20. Bxd4
Bxd4 21. Qxd4 Qxd4 22. Rxd4 Nb3 23. Rdd1 Nxa1 24. Rxa1 e5 $15 {Black is doing
much better with advancing pawn center and open lines for his pieces.}) 20...
Nxe2+ (20... dxc4 $2 21. Qg6+ Ke7 22. Ba3+ Kd8 23. Qxf6+) 21. Qxe2 dxc4 (21...
Bxb5 {is no better.} 22. Nxb6 Bxe2 23. Bxf6 Bxd1 24. Bxh8 Ra6 25. Nxd5 exd5 26.
Rxd1 $18 {and it is over.}) 22. Bxf6 Rf8 23. Bc3 Qxb5 24. Nc2 b6 25. Qe4 Ra7
26. Nd4 Qc5 27. Qg6+ Ke7 28. Ra4 {Pure cruelty. Not only does it threaten Bb4
winning the queen, but taking the rook leads to mate.} Rf6 (28... Bxa4 $2 29.
Qxe6+ Kd8 30. Nc6+ Kc7 31. Qd7#) 29. Nc6+ Qxc6 30. Bxf6+ 1-0

[Event "Bundesliga 1516"]
[Site "Germany"]
[Date "2015.12.12"]
[Round "3.7"]
[White "Shirov, Alexei"]
[Black "Svane, Rasmus"]
[Result "0-1"]
[WhiteElo "2712"]
[BlackElo "2542"]
[Annotator "CB"]
[PlyCount "66"]
[EventDate "2015.09.18"]
[EventType "team-tourn"]
[EventRounds "15"]
[EventCountry "GER"]
[SourceTitle "CBM 170"]
[Source "ChessBase"]
[SourceDate "2016.01.15"]
[SourceVersion "1"]
[SourceVersionDate "2016.01.15"]
[SourceQuality "1"]
[WhiteTeam "Baden-Baden"]
[BlackTeam "Hamburger SK"]
[WhiteTeamCountry "GER"]
[BlackTeamCountry "GER"]

1. e4 e6 2. d4 d5 3. e5 c5 4. c3 Nc6 5. Nf3 Bd7 6. Be2 ({Die Alternative ist} 
6. a3) 6... Nge7 (6... f6 7. O-O fxe5 8. Nxe5 Nxe5 9. dxe5 Qc7 10. c4 O-O-O 11.
cxd5 Qxe5 12. Nc3 exd5 13. Qxd5 Qxd5 14. Nxd5 $14 {1-0 (51) Shirov,A (2703)
-Bologan,V (2655) Poikovsky 2014}) 7. O-O Rc8 8. Na3 cxd4 9. cxd4 Qb6 (9... Nf5
10. Nc2 Qb6 11. g4 Nfe7 12. Bd2 h5 13. h3 Ng6 14. b4 hxg4 15. hxg4 Nh4 16. Nxh4
Rxh4 17. Bg5 Rh8 18. b5 Na5 19. Rb1 Nc4 20. Kg2 Qa5 21. a4 Qxa4 22. Ra1 Qxb5
23. Rxa7 Qb6 24. Qa1 Qb3 25. Ne3 Nd2 26. Rc1 Be7 27. Rxc8+ Bxc8 28. Ra8 Kd7 29.
Bxe7 Kxe7 30. Qa5 Re8 31. Qc5+ {1-0 (31) Volokitin,A (2638)-Morozevich,A (2731)
Dubai 2014}) 10. Nc2 Nb4 {Ein bisher selten gespielter Zug an dieser Stelle.}
11. Ne3 Nf5 12. Nxf5 exf5 13. Qb3 Be7 14. Bg5 {[#]} (14. a3 Nc6 15. Qxb6 axb6
16. b4 $14) 14... Nc2 {Das ist ein recht agiler Springer.} 15. Qxb6 axb6 16.
Bxe7 Kxe7 17. Rac1 Rc7 18. a3 Rhc8 {Nun droht Sxd4. Weiß gerät bald nach und
nach in die Defensive.} 19. Rcd1 b5 20. h4 b4 21. Ng5 (21. axb4 Nxb4 22. Ne1 {
enspricht nicht Shirovs Spielstil.}) 21... f4 22. Nxh7 bxa3 23. bxa3 Nxa3 24.
Ng5 {[#] Schwarz steht deutlich aktiver und der b-Bauer ist eine Macht.} Rc3
25. Bh5 Be6 26. g3 b5 {Der Bauer läuft nun einfach durch.} 27. gxf4 b4 28. f5
Bxf5 29. Bxf7 b3 30. Ra1 b2 31. Ra2 Rb3 (31... b1=Q {gewinnt natürlich auch:}
32. Rxb1 Bxb1 33. Rb2 Bf5 34. Rb7+ R3c7 $19) 32. Rxb2 (32. Bxd5 Rc1 $19) 32...
Rxb2 33. Bxd5 Rd8 0-1

[Event "Altensteig"]
[Site "Altensteig"]
[Date "1989.??.??"]
[Round "?"]
[White "Kosten, Anthony C"]
[Black "Lputian, Smbat G"]
[Result "0-1"]
[WhiteElo "2500"]
[BlackElo "2540"]
[Annotator "ChessBase"]
[PlyCount "88"]
[EventDate "1989.07.??"]
[EventType "tourn"]
[EventRounds "11"]
[EventCountry "GER"]
[EventCategory "10"]
[SourceTitle "CBM 014"]
[Source "ChessBase"]
[SourceDate "1990.02.01"]
[SourceVersion "1"]
[SourceVersionDate "1990.02.01"]
[SourceQuality "1"]

1. e4 e6 2. d4 d5 3. e5 c5 4. c3 Nc6 5. Nf3 Qb6 6. Be2 cxd4 7. cxd4 Nge7 8. b3
$6 {8.Nc3} Nf5 9. Bb2 Bb4+ $1 10. Kf1 Be7 11. h4 (11. Nc3 Bd7 12. Na4 Qd8 13.
Rc1 O-O {/\ ...f6}) 11... Bd7 12. Nc3 (12. g4 Nh6 13. Rg1 f6 $13) 12... Ncxd4
13. Nxd5 exd5 14. Nxd4 Nxd4 (14... Bc5 $2 15. e6 $1) 15. Bxd4 $6 {>= 15.Qxd4}
Bc5 16. Bxc5 Qxc5 17. Rc1 Qa5 18. h5 $5 {18.Bg4} h6 19. Bg4 Be6 20. Rh3 O-O 21.
Kg1 Rac8 22. Bxe6 fxe6 23. a4 Qb4 24. Rxc8 $6 (24. Rf3 $1 Rfd8 $1 $15) 24...
Rxc8 25. Re3 Rc3 $17 26. Qf3 d4 27. Rxc3 (27. Qg4 $2 dxe3 $1 28. Qxb4 Rc1+ 29.
Kh2 exf2 $19) 27... dxc3 $2 (27... Qxc3 28. Qxb7 Qe1+ 29. Kh2 Qxe5+ 30. Kg1
Qe1+ 31. Kh2 Qxf2 $19) 28. Qd1 $2 (28. Qd3 Qc5 29. Qd8+ Kf7 30. Qd7+ Qe7 31.
Qc8 $10) 28... Qe4 29. g3 Qd5 {29...c2!} 30. Qc2 Qxe5 31. Kf1 Kf8 32. Qd3 Qc7
33. Qc2 Qa5 34. Ke1 a6 35. Qc1 Qe5+ 36. Qe3 Qxe3+ 37. fxe3 Kf7 38. Ke2 Kf6 39.
Kd3 Kf5 40. Kxc3 Ke4 41. Kd2 Kf3 42. Kd3 Kxg3 43. Ke4 Kg4 44. Ke5 Kxh5 0-1

[Event "Kotov Memorial-04"]
[Site "Tbilisi"]
[Date "1985.12.??"]
[Round "?"]
[White "Giorgadze, Tamaz"]
[Black "Drasko, Milan"]
[Result "1-0"]
[WhiteElo "2500"]
[BlackElo "2460"]
[Annotator "ChessBase"]
[PlyCount "87"]
[EventDate "1985.12.12"]
[EventType "tourn"]
[EventRounds "11"]
[EventCountry "URS"]
[EventCategory "8"]
[SourceTitle "EXT 1999"]
[Source "ChessBase"]
[SourceDate "1998.11.16"]
[SourceVersion "1"]
[SourceVersionDate "1998.11.16"]
[SourceQuality "1"]

1. e4 e6 2. d4 d5 3. e5 c5 4. c3 Qb6 5. Nf3 Nc6 6. a3 a5 7. Bd3 Nge7 8. O-O (8.
dxc5 Qxc5 (8... Qc7 9. O-O $13) 9. b4 $1 $11) 8... cxd4 9. cxd4 Nf5 10. Bxf5
exf5 11. Nc3 Be6 12. Na4 $1 Qb5 13. Be3 (13. b3 $5 Be7 (13... h6 $5) 14. Bg5 $1
$11) 13... Be7 14. Ne1 (14. Rc1 $5 O-O 15. Rc3 Rab8) 14... O-O 15. Nd3 Rac8 16.
Rc1 Na7 {J} (16... Rc7 17. Nac5 b6 $1 18. a4 $1) 17. Nac5 b6 18. a4 Qe8 19.
Nxe6 fxe6 (19... Rxc1 20. Qxc1 fxe6 21. Qc7 $4) 20. Qb3 Rxc1 21. Rxc1 Bd8 22.
h4 $18 (22. f4 Rf7 $11) 22... h6 (22... Bxh4 23. Qxb6 $1) 23. Nf4 g5 24. hxg5
hxg5 $13 25. Nxd5 exd5 (25... f4 26. Bxf4 gxf4 27. Nxf4 $18) 26. Qxd5+ Kg7 (
26... Qf7 27. e6 Qe7 28. Bxg5 {#}) 27. f4 $1 g4 (27... Qxa4 $18) 28. b3 $2 Rf7
29. Qa8 $18 Kg6 30. d5 Rh7 31. Qb8 $1 g3 32. Qd6+ Kg7 33. Bd4 Qh5 34. Qd7+ $5 (
34. e6+ $1 $18 Bf6 $1 35. Bxf6+ (35. Qe7+ Kg8 $1) 35... Kg6 $1 $18) 34... Kg6
35. Qe8+ Kh6 36. Qxd8 Qg4 (36... Qh2+ 37. Kf1 Qh1+ 38. Bg1) 37. Qf6+ $6 Kh5 38.
Qg5+ Qxg5 39. fxg5 Rd7 40. d6 Kxg5 41. Bxb6 Rb7 42. Bxa7 Rxa7 43. e6 Kf6 44. e7
1-0

[Event "Portoroz/Ljubljana"]
[Site "Ljubljana"]
[Date "1985.??.??"]
[Round "9"]
[White "Nikolic, Predrag"]
[Black "Christiansen, Larry Mark"]
[Result "1-0"]
[WhiteElo "2575"]
[BlackElo "2560"]
[Annotator "ChessBase"]
[PlyCount "73"]
[EventDate "1985.06.??"]
[EventType "tourn"]
[EventRounds "11"]
[EventCountry "YUG"]
[EventCategory "12"]
[SourceTitle "MCL"]
[Source "ChessBase"]
[SourceDate "1999.07.01"]
[SourceVersion "1"]
[SourceVersionDate "1999.07.01"]
[SourceQuality "1"]

1. d4 e6 2. e4 d5 3. e5 c5 4. c3 Nc6 5. Nf3 Bd7 6. a3 Nge7 7. b4 cxd4 8. cxd4
Nf5 9. Bb2 Be7 (9... Qb6 10. g4) 10. Bd3 O-O 11. O-O f6 12. Bxf5 exf5 13. Nc3
Be8 $5 (13... Be6 14. Re1 Qd7 15. Qd3 $14) 14. Qd3 f4 15. e6 Bh5 (15... Qd6 16.
Nb5 Qb8 (16... Qxe6 17. Nc7 Qe4 18. Qb3 $36) 17. Qf5 Nxb4 18. Nc3 $1 Bg6 19.
Qg4 Nc2 20. Nxd5 $16) 16. Rfe1 (16. Rad1 Qd6 $1 17. Nb5 Qxe6 18. Nc7 Qe4 19.
Qb3 Rac8 20. Rfe1 Qf5 21. Qxd5+ Qxd5 22. Nxd5 $13) 16... a6 17. Qf5 Bxf3 18.
gxf3 Nxd4 19. Qd3 Nc6 20. Nxd5 Qe8 (20... Bd6 $5 21. Rad1 $16) 21. Rad1 Rd8 22.
Qe4 Qh5 23. Nxf4 Qg5+ 24. Kh1 Rxd1 25. Rxd1 Rd8 26. Rg1 Qb5 (26... Qh4 27. Nd5
Qxe4 28. fxe4 $16) 27. Ng6 $1 Re8 (27... hxg6 28. Qxg6 Bf8 29. Qf7+ Kh7 30.
Bxf6 $18) 28. Nxe7+ Nxe7 29. Bxf6 Ng6 30. Bd4 Qc6 31. Qxc6 bxc6 32. h4 (32. f4
Rxe6 33. f5 Re4) 32... Re7 (32... Rxe6 33. h5 Nh4 34. Rxg7+ Kf8 35. Rg3 Nf5 36.
Bc5+ $18) 33. Rg4 Rxe6 34. h5 Re1+ 35. Kg2 Ne5 36. Rg3 (36. Rg5 $2 Rg1+ $1 37.
Kxg1 Nxf3+) 36... g6 37. Bc3 1-0

[Event "GLC Masters"]
[Site "London"]
[Date "1986.??.??"]
[Round "14"]
[White "Carlier, Bruno"]
[Black "Levitt, Jonathan"]
[Result "1/2-1/2"]
[WhiteElo "2315"]
[BlackElo "2395"]
[Annotator "ChessBase"]
[PlyCount "88"]
[EventDate "1986.03.??"]
[EventType "tourn"]
[EventRounds "15"]
[EventCountry "ENG"]
[EventCategory "3"]
[SourceTitle "EXT 1999"]
[Source "ChessBase"]
[SourceDate "1998.11.16"]
[SourceVersion "1"]
[SourceVersionDate "1998.11.16"]
[SourceQuality "1"]

1. e4 e6 2. d4 d5 3. e5 c5 4. c3 Nc6 5. Nf3 Bd7 6. Be2 f6 7. O-O fxe5 8. Nxe5
Nxe5 9. dxe5 Qc7 10. c4 Qxe5 11. Bf3 Bd6 12. g3 Qd4 13. cxd5 Qxd1 14. Rxd1
O-O-O 15. dxe6 Bxe6 16. Nc3 Nf6 17. Be3 b6 18. a4 Bg4 19. Bxg4+ Nxg4 20. Bg5
Nf6 21. Bxf6 gxf6 22. f4 Rhe8 23. Kg2 c4 24. Kf3 f5 25. Nd5 Bc5 26. Rac1 Rd7
27. Rxc4 Red8 28. b4 Rxd5 29. Rxd5 Rxd5 30. bxc5 bxc5 31. g4 fxg4+ 32. Ke4 Rd4+
33. Rxd4 cxd4 34. Kxd4 h5 35. Ke4 h4 36. f5 a5 37. Kf4 g3 38. hxg3 hxg3 39.
Kxg3 Kd7 40. Kf4 Ke7 41. Ke5 Kf7 42. f6 Kf8 43. Ke6 Ke8 44. f7+ (44. Kd6 Kf7
45. Kc6 Kxf6 46. Kb6 Ke7 47. Kxa5 Kd7 48. Kb6 Kc8 $10) 44... Kf8 1/2-1/2

[Event "Barcelona Casino 18th"]
[Site "Barcelona"]
[Date "2013.10.28"]
[Round "4"]
[White "Lopez Martinez, Josep Manuel"]
[Black "Edouard, Romain"]
[Result "1/2-1/2"]
[WhiteElo "2555"]
[BlackElo "2657"]
[Annotator "Edouard,R"]
[PlyCount "80"]
[EventDate "2013.10.25"]
[EventType "tourn"]
[EventRounds "9"]
[EventCountry "ESP"]
[EventCategory "14"]
[SourceTitle "CBM 157"]
[Source "ChessBase"]
[SourceDate "2013.11.12"]
[SourceVersion "1"]
[SourceVersionDate "2013.11.12"]
[SourceQuality "1"]

1. e4 e6 2. d4 d5 3. e5 c5 4. c3 Nc6 5. Nf3 Bd7 6. Bd3 {To be totally honest,
I knew that move exists but I had never studied it...} f6 $6 {I knew this
should be dubious and that 6...cxd4 followed by ...Qb6 should be critical, but
I decided to be creative!} 7. O-O fxe5 {Probably not the best.} 8. dxe5 ({After
} 8. Nxe5 Nxe5 9. dxe5 Ne7 10. c4 {my position would just be quite dubious.})
8... Nh6 $1 {Actually a very good move, but that took me an amazing time to
play since it seems so suspicious!} 9. c4 (9. Bxh7 $2 Rxh7 10. Ng5 Rh8 11. Qh5+
Ke7 {does not work for White.}) (9. Ng5 Nxe5 10. Bxh7 Qf6 {is also quite good
for Black.}) 9... dxc4 $2 (9... d4 {had to be played, and after} 10. Bxh6 gxh6
11. Nfd2 Nxe5 12. Qh5+ Nf7 13. Ne4 Qe7 14. Nbd2 {the position is not so clear
though I would prefer to be White.}) 10. Bxc4 $6 (10. Be4 $1 {with the idea}
Nf7 11. Na3 {would create quite serious problems.}) 10... Nf7 11. Re1 $6 (11.
Qe2 $14 {to put the rook on d1 was much more natural.}) 11... Be7 12. Bf4 $6 (
12. Nc3 {first was more precise.}) 12... Na5 (12... g5 $1 13. Bg3 h5 14. h3 Qb6
$1 {followed by ...0-0-0 would be very unclear.}) 13. Bd3 Bc6 14. Qe2 O-O (
14... g5 $1 15. Bg3 h5 16. h3 g4 $1 17. hxg4 hxg4 18. Nh2 Bh4 19. Qxg4 Bxg3 20.
Qxg3 Qe7 {followed by ...0-0-0 would be slightly unpleasant for White.}) 15.
Bg3 (15. Nbd2 $1 {was a better move, but I supposed we both missed that after}
g5 $6 {White should go} 16. Be3 $1 {with the idea of} g4 17. Nd4 $1 cxd4 18.
Qxg4+ Kh8 19. Qh5 $18) 15... Nh6 16. Nbd2 Bd5 17. Be4 Nc6 $6 (17... Nf5 18.
Rad1 Qb6 {keeping the knight on a5 would be much more clever. Black is a
little bit better.}) 18. Rad1 Nf5 19. Nc4 Ncd4 20. Nxd4 Nxd4 21. Qd3 Bxe4 22.
Rxe4 Qd5 23. b3 b5 (23... Nb5 24. Qc2 Nd4 {could be a way to make a draw
though White can still play on with} 25. Qb1 $5) 24. Nd6 a5 25. Ree1 Rfb8 {
Willing to play ...b4 and ...a4 having the control of the b6-square after Nc4.}
(25... Rfd8 $142) 26. Rd2 Ra7 {Starting to get confused because I had little
time on my clock.} ({It's a good question why I finally changed my plan:} 26...
b4 $1 27. Nc4 a4 28. Bf4 axb3 29. axb3 Rd8 $5 $13 {[%csl Rb3] Of course I
would have given up the important c4 square here but I would have solved many
other problems, and my pieces would be very active.}) 27. f3 Rf8 28. Rdd1 Qc6
$6 (28... b4 {still had to be played.}) 29. Re4 (29. Rc1 $1 {would create
problems.}) 29... Rd8 30. Rc1 Nf5 $1 31. Qe2 (31. Qxb5 $2 Rxd6 32. Qb8+ Rd8 33.
Qxa7 Ra8 $19 {was probably what my opponent had missed when he went 30.Rc1.})
31... Nxg3 32. hxg3 Bxd6 33. exd6 Rxd6 34. Re5 Rc7 35. Kh2 h6 (35... Kf7 {
is more clever but anyway, everything is a draw: White simply has
compensations.} 36. Qe3 Rd5 37. Re1 Rxe5 38. Qxe5 $44) 36. f4 a4 37. bxa4 bxa4
38. Rc4 Kh8 39. Qe3 Qd7 40. Rexc5 Rxc5 1/2-1/2